000 00658cam a22002291 4500
001 sa 68017414
003 DLC
005 20260227112702.0
008 710217s1968 ii b 00010 eng
010 _asa 68017414 //r85
025 _aPL480:I-E-11047
043 _aa-ii---
050 0 _aLA1151
_b.S417
082 _a370/.954
100 1 0 _aSharma, T. R.
_q(Tilak Raj),
_d1925-
245 1 0 _aSome major problems in school education in India
_c[by] T. R. Sharma.
260 0 _aChandigarh,
_bMohindra Capital Publishers
_c[1968]
300 _aiii, 209 p.
_c23 cm.
350 _a8.00
504 _aBibliographical footnotes.
650 0 _aEducation
_zIndia.
999 _c87709
_d87709